000 01622njm a2200337 i 4500
001 4611
003 ES-MaACL
005 20250808034522.0
007 s|r|||||||||||
008 070801q19601969sp ||| g ||||||||1|nspa d
245 0 0 _aCiclo de conferencias sobre la pena de muerte [
_hGrabación sonora] /
_cintervienen Francisco Tomás Valiente, Daniel Sorio, Julio Caro Baroja (envió cuartillas para leer María Asunción Milá de Salinas, Enrique Hamberger, Moseñor Iniesta, José Luis López Aranguren.
260 _aMadrid :
_bAteneo de Madrid,
_c[196-?]
300 _a2 discos (CD-DA) (1 h. 25 min. 16 seg.) ;
_c12 cm.
500 _aDatos basados en invitación.
505 8 _aContiene las conferencias: "La evolución histórica de la pena de muerte". "Los métodos ejecutivos vigentes en la actualidad". "Todo ha de reformarse, todo ha de revisarse a la luz de la ciencia"
518 _aActo organizado por el Ateneo de Madrid.
600 1 4 _aAranguren, José Luis L.,
_d1909-1996
_922315
600 1 4 _aMilá de Salinas, María Asunción.
_981076
610 2 4 _aAteneo de Madrid-
_xActos culturales-
_y196-?-
_vGrabaciones sonoras.
_91877
650 1 7 _aPena de muerte
_2embne
_915915
700 0 _aTomás y Valiente, Francisco,
_d1932-1996
_9110535
700 1 _aSoiro, Daniel.
_9107027
700 1 _aCaro Baroja, Julio,
_d1914-1995
_935403
700 1 _aHamberger, Enrique.
_961638
700 1 _aMonseñor Iniesta.
_9194695
710 2 _aAteneo de Madrid.
_91875
852 _aES-MaACL
_jROT 3/1/3
_cROT
_94728
852 _aES-MaACL
_jROT 3/1/4
_cROT
_9202955
942 _2udc
999 _c4611
_d4611